| 000 | 01949nam a22001577a 4500 | ||
|---|---|---|---|
| 041 | _aukr | ||
| 080 | _a09 | ||
| 090 | _bЛАВ | ||
| 100 | _aЛавренчук О.А. | ||
| 245 | _aВплив компютерних технологій на розвиток сучасної лексикології | ||
| 260 |
_aОстрог _bКАФ _c2007 |
||
| 300 | _a52 | ||
| 520 |
_aВступ.
Розділ 1. Проблеми та методи сучасної лексикографії.
1.1. Сучасна лексикографія та головний предмет її дослідження.
1.2. Базові параметри типології словників.
1.3. Основні структурні компоненти словника.
Розділ 2. Електронний словник як новий етап у розвитку комп’ютерної лексикографії.
2.1. Перспективні напрями у комп’ютерній лексикографії.
2.2. Досягнення вітчизняної комп’ютерної лексикографії.
2.3. Основні комп’ютерні лексикографічні програми.
2.4. Комп’ютерний словник та його специфіка.
2.5. Тип комп’ютерних словників.
Розділ 3. Електронний глосарій як особливий тип термінологічного словника.
3.1. Роль термінологічних словників у сучасному світі високих технологій.
3.2. Принципи побудови глосарія з маркетингу.
3.3. Багатозначність термінологічної лексики глосарія.
Висновки. _0лексикографія, електронний словник, маркетинг |
||
| 650 | _aResearch Papers | ||
| 999 |
_c283948 _d283948 |
||
| 942 | _cBK | ||